Denmark Geography - Statistics

General Stats
  • This quiz has been taken 13 times
  • The average score is 2 of 15
Answer Stats
Hint Answer % Correct
What is Denmarks capital city Copenhagen
100%
What is hello in danish Hej
33%
What is Denmarks statsminister namet Mette Frederiksen
22%
What is denamrks 4 biggest citys Copenhagen Aarhus Odense Aalborg
11%
What is Denmarks first king named Gorm the old
11%
What is Denmarks biggest inventor Niels bohr
11%
How old is denmarks king house 1 tusind years
0%
What is denmark called in France spain and Germany Danemark Dinamarca Dänemark
0%
What is Denmarks queen name Dronning Margrethe
0%
What is Denmark known fore Hygge bad weather
0%
What is Denmarks biggest inventions Lego light bulb
0%
What is a danish swearword Lort fuck pis
0%
Who has invented Lego Ole Kirk Kristensen
0%
What is Copenhagen known fore round tower Cristiansborg
0%
What is north Jutland known fore the north sea Løkken blokhus
0%
No matching quizzes found
Score Distribution
Percent of People with Each Score
Percentile by Number Answered
Your Score History
You have not taken this quiz